000 01081nam a22002774i 4500
999 _c46530
_d46530
001 20177
003 CO-MdFUSB
005 20180402070343.0
008 180326t1953 ie ||||g |||| 00| 0 eng d
040 _aCO-MdFUSB
_bspa
_cCO-MdFUSB
_dCO-MdFUSB
_erda
041 _aeng
082 _224
_aG 223.2
_bK61b
100 1 _aKissane, Edward J.
_eautor
242 1 3 _aEl Libro de los Salmos
_b: traducido de un texto hebreo revisado críticamente con un comentario
_lInglés
245 1 4 _aThe Book of Psalms
_b: Translated from a critically revised Hebrew text with a commentary
_c/ Edward J. Kissane
264 1 _aDublin, Ireland :
_bBrowne and Nolan,
_c℗[1953]
300 _a2 volúmenes
_b:
_c23 cm.
336 _2rdacontent
_atexto
_btxt
337 _2rdamedia
_asin mediación
_bn
338 _2rdacarrier
_avolumen
_bnc
505 0 0 _aEl libro de los Salmos: Traducido de un texto hebreo revisado críticamente con un comentario - Volumen 1: Salmos 1-72 \ Volumen 2: Salmos 73-150
563 _aPasta dura
630 0 7 _aBiblia.
_pSalmos
942 _cBK